<?xml version="1.0" encoding="UTF-8"?>
<record
    xmlns:xsi="http://www.w3.org/2001/XMLSchema-instance"
    xsi:schemaLocation="http://www.loc.gov/MARC21/slim http://www.loc.gov/standards/marcxml/schema/MARC21slim.xsd"
    xmlns="http://www.loc.gov/MARC21/slim">

  <leader>00929nam a2200265 a 4500</leader>
  <controlfield tag="001">BRCA_4879</controlfield>
  <controlfield tag="005">20190320204837.0</controlfield>
  <controlfield tag="008">141010c1971----it-ao#####---#000-0#ita-#</controlfield>
  <datafield tag="041" ind1=" " ind2=" ">
    <subfield code="a">ita</subfield>
  </datafield>
  <datafield tag="044" ind1=" " ind2=" ">
    <subfield code="a">it</subfield>
  </datafield>
  <datafield tag="050" ind1=" " ind2="4">
    <subfield code="a">PG7297</subfield>
    <subfield code="b">.S53 1971</subfield>
  </datafield>
  <datafield tag="245" ind1="1" ind2="0">
    <subfield code="a">Sicilia</subfield>
    <subfield code="c">a cura di Andrea Caizzi ... [et al.] ; presentazione Dell&#xB4;on Ugo la Malfa.</subfield>
  </datafield>
  <datafield tag="260" ind1=" " ind2=" ">
    <subfield code="a">Italia</subfield>
    <subfield code="b">Electa</subfield>
    <subfield code="c">1971</subfield>
  </datafield>
  <datafield tag="300" ind1=" " ind2=" ">
    <subfield code="a">449 p.</subfield>
    <subfield code="b">il. (algunas a color), 427 l&#xE1;minas</subfield>
    <subfield code="c">31 cm.</subfield>
  </datafield>
  <datafield tag="440" ind1=" " ind2="0">
    <subfield code="a">Banca Nacionale del Laboro</subfield>
    <subfield code="9">12356</subfield>
  </datafield>
  <datafield tag="500" ind1=" " ind2=" ">
    <subfield code="a">Colecci&#xF3;n Sonia Corcuera de Mancera</subfield>
  </datafield>
  <datafield tag="500" ind1=" " ind2=" ">
    <subfield code="a">Incluye &#xED;ndice de ilustraciones, &#xED;ndice anal&#xED;tico  y referencias fotogr&#xE1;ficas</subfield>
  </datafield>
  <datafield tag="504" ind1=" " ind2=" ">
    <subfield code="a">Bibliograf&#xED;a : p. 421-424</subfield>
  </datafield>
  <datafield tag="650" ind1="1" ind2="4">
    <subfield code="a">Sicilia</subfield>
    <subfield code="e">arte e historia</subfield>
    <subfield code="z">Italia</subfield>
    <subfield code="9">12357</subfield>
  </datafield>
  <datafield tag="651" ind1=" " ind2="4">
    <subfield code="a">Sicilia</subfield>
    <subfield code="v">Cat&#xE1;logos</subfield>
    <subfield code="x">Arquitectura religiosa</subfield>
    <subfield code="z">Italia</subfield>
    <subfield code="9">12358</subfield>
  </datafield>
  <datafield tag="700" ind1="1" ind2=" ">
    <subfield code="a">la Malfa, Ugo</subfield>
    <subfield code="9">12359</subfield>
  </datafield>
  <datafield tag="700" ind1="1" ind2=" ">
    <subfield code="a">Caizzi, Andrea</subfield>
    <subfield code="9">12279</subfield>
  </datafield>
  <datafield tag="902" ind1=" " ind2=" ">
    <subfield code="a">DSC</subfield>
  </datafield>
  <datafield tag="942" ind1=" " ind2=" ">
    <subfield code="2">lcc</subfield>
    <subfield code="c">B</subfield>
  </datafield>
  <datafield tag="999" ind1=" " ind2=" ">
    <subfield code="c">4573</subfield>
    <subfield code="d">4573</subfield>
  </datafield>
  <datafield tag="952" ind1=" " ind2=" ">
    <subfield code="0">0</subfield>
    <subfield code="1">0</subfield>
    <subfield code="4">0</subfield>
    <subfield code="7">0</subfield>
    <subfield code="a">BRCA</subfield>
    <subfield code="b">BRCA</subfield>
    <subfield code="d">2010-10-14</subfield>
    <subfield code="l">0</subfield>
    <subfield code="o">PG7297 .S53 1971</subfield>
    <subfield code="p">REF00396</subfield>
    <subfield code="r">2019-03-22 00:00:00</subfield>
    <subfield code="w">2019-03-22</subfield>
    <subfield code="y">B</subfield>
  </datafield>
</record>
